Soccer Logos By Letter - W - Statistics

General Stats
  • This quiz has been taken 1,028 times
    325 since last reset
  • The average score is 9 of 10
Answer Stats
Picture Answer % Correct
West Ham United
100%
Wolverhampton Wanderers
99%
Watford
98%
Wales
96%
Wolfsburg
94%
West Bromwich Albion
93%
Werder Bremen
92%
Wigan Athletic
84%
Wrexham
81%
Wycombe Wanderers
66%
No matching quizzes found
Score Distribution
Percent of People with Each Score
Percentile by Number Answered
Your Score History
You have not taken this quiz since the last reset